000 00587cam a22001814a 4500
020 _a0972705546 (pbk.)
040 _cDLC
082 _a515 SKY 2005 A062 Or.
245 0 0 _a800 questions in calculus :
_bfrom Continental Mathematics League contests, 1981-2005.
246 3 _aEight hundred questions in calculus
246 0 _a25 years of Continental Mathematics League contests
260 _aAndover, Mass. :
_bSkylight Pub.,
_cc2005.
300 _a175 p. :
_bill. ;
_c28 cm.
650 0 _aCalculus
650 0 _aMathematics
710 2 _aContinental Mathematics League.
942 _cEK
999 _c15369
_d15369